000 00483nam a2200181Ia 4500
008 090124s9999 xx 000 0 und d
082 _b128434
100 _aसप्रे मधुवंती
245 _a आत्मजा
250 _a1
260 _c1997
300 _a296
600 _aसप्रे मधुवंती
630 _a आत्मजा
700 _aसप्रे मधुवंती
730 _a आत्मजा
942 _cBOOK
999 _c174523
_d174523